La capa de ozono(monografía) /

Guardado en:
Formato: Libro
Publicado: : , 1995
Materias:
Etiquetas: Agregar Etiqueta
Sin Etiquetas, Sea el primero en etiquetar este registro!
LEADER 00398nam a22001575a 4500
001 CEM.cems009129
005 20060214000000.0
008 130507s1995##################000#0#####d
003 CEMS
082 0 4 |a F574.5 
245 0 0 |a La capa de ozono(monografía) / 
260 |a  :  |b ,  |c 1995 
653 |a F.c. 
653 |a Medio ambiente 
653 |a Ozono 
859 |a CEMS  |b BIB. CEMS - 11 de abril  |h F574.5  |i 13  |p 1389.44  |t Ej.1